1784 1773 1556 1913 1371 1867 1768 1784 1308 1029 1391 1005 1660 1000 1651 1876 1274 1834 1353 1377 1611 1106 1407 1665 1007 1301 1586 1779 1569 1757 1125 1655 1280 1229 1234 1359 1851 1224 1356 1974 1582 1763 1581 1415 1320 1370 1805 1845 1514 1720 1680 1593 1544 1788 1706 1264 1035 1456 1568 1767 1042 1332 1163 1933 1250 1425 1731 1459 1835 1174 1007 1828 1465 1660 1154 1921 1563 1045 1430 1403 1630 1609 1847 1635 1315 1221 1248 1366 1333 1747 1451 1685 1921 1741 1708 1030 1973 1697 1708 BCNSPRNW ULIB Ver.6.0+V

เปลี่ยนเป็นภาษาไทย

Change to English
 แสดงรายละเอียดบรรณานุกรม
  กลับหน้าหลัก

Brief Record : Get Marc (ISO 2709) : E-mail record : QR code < ปิดหน้าต่าง
LEADER : 00000nam 2200000uu 4500
001    13399121645
003     ULIB
008    121128s2549||||th 000 0 tha d
020    ^a9745159654
060 04 ^aWS200^bอ858H
245 00 ^aHot issues in pediatrics /^cสมาคมกุมารแพทย์แห่งประเทศไทย ;บรรณาธิการ, อุไรวรรณ โชติเกียรติ, ชิษณุ พันธุ์เจริญ, อุษา ทิสยากร
250    ^aพิมพ์ครั้งที่ 1
260    ^aกรุงเทพฯ :^bสมาคมกุมารแพทย์แห่งประเทศไทย,^c2549
300    ^a280 หน้า :^bภาพประกอบ ;^c26 ซม.
504    ^aบรรณานุกรมและดัชนี
650  7 ^aกุมารเวชศาสตร์
700 0  ^aอุไรวรรณ โชติเกียรติ,^eบรรณาธิการ
700 0  ^aอุษา ทิสยากร,^eบรรณาธิการ
700 0  ^aชิษณุ พันธุ์เจริญ,^eบรรณาธิการ
710 2  ^aสมาคมกุมารแพทย์แห่งประเทศไทย
945    ^p350^l0^i24266
945    ^p350^l0^i24267
995    ^aวิภา
999 ^a ใช้งานได้ทุกระบบ
รายการนี้ยังไม่มีแท็ก
คุณยังไม่ได้ล็อกอิน คุณสามารถมีกิจกรรมร่วมกับเว็บไซต์ได้ แต่ต้องล็อกอินก่อน ::
  ล็อกอิน

รายการสื่อสารสนเทศ

ลำดับที่ ประเภท เลขเรียก/บาร์โค้ด สถานที่ สถานะ
1. วิทยาศาสตร์การแพทย์ และสุขภาพ
วิทยาศาสตร์การแพทย์ และสุขภาพ
WS200 อ858H  
  Barcode: 24266
ห้องสมุดวิทยาเขตสวรรค์ประชารักษ์
►หนังสือทั่วไป
บนชั้น
2. วิทยาศาสตร์การแพทย์ และสุขภาพ
วิทยาศาสตร์การแพทย์ และสุขภาพ
WS200 อ858H ฉ.2 
  Barcode: 24267
ห้องสมุดวิทยาเขตสวรรค์ประชารักษ์
►ส่วนจัดเก็บหนังสือเก่า สปร
บนชั้น
  ขอยืม

รายการใกล้เคียง
    หัวเรื่อง [กุมารเวชศาสตร์]

BibComment


ยังไม่เคยถูกคอมเมนท์

คอมเมนท์ทรัพยากรรายการนี้
  คอมเมนท์: Hot issues in pe..


 Copyright 2026. Bcnsprnw @Library